Evaluación del impacto de la cosecha y propuestas de manejo de la Maraya (Geonoma orbignyana) (Registro nro. 2132)

Detalles MARC
000 -CABECERA
Campo de control 00780nam a2200229 a 4500
005 - FECHA Y HORA DE LA ULTIMA TRANSACCION
Campo de control 20191224041624.0
008 - ELEMENTOS DE LONGITUD FIJA—INFORMACION GENERAL
Campo de control 140304b2000 ck |||||rm||| 00| 0 spa d
040 ## - FUENTE DE CATALOGACIÓN
Agencia catalogadora original CO-BoIAVH
Agencia transcriptora CO-BoIAVH
041 ## - IDIOMA
Código de idioma para texto/pista de sonido o título separado Español
044 ## - PAÍS DE PUBLICACIÓN
País de publicación Colombia
090 ## - CLASIFICACIÓN LOCAL
Colección TE
Consecutivo 0121
100 ## - ASIENTO PRINCIPAL--NOMBRE PERSONAL
Nombre personal Rodríguez, Susana
9 (RLIN) 14717
245 ## - MENCION DE TITULO
Título Evaluación del impacto de la cosecha y propuestas de manejo de la Maraya (Geonoma orbignyana)
Parte restante del título una palma usada como follaje
260 ## - PUBLICACION, DISTRIBUCION, ETC. (PIE DE IMPRENTA)
Lugar de publicación, distribución, etc. Bogotá
Nombre del editor, distribuidor, etc. Universidad Nacional de Colombia. Faculdad de Ciencias
Fecha de publicación, distribución, etc. 2000
300 ## - DESCRIPCION FISICA
Extensión 153 Paginas
650 ## - ASIENTO SECUNDARIO DE MATERIA - TERMINO TEMATICO
Término temático o nombre geográfico como elemento de entrada Impacto ambiental
9 (RLIN) 92215
650 ## - ASIENTO SECUNDARIO DE MATERIA - TERMINO TEMATICO
Término temático o nombre geográfico como elemento de entrada Manejo de biodiversidad
9 (RLIN) 2614
650 ## - ASIENTO SECUNDARIO DE MATERIA - TERMINO TEMATICO
Término temático o nombre geográfico como elemento de entrada Ecología de poblaciones
9 (RLIN) 3557
650 ## - ASIENTO SECUNDARIO DE MATERIA - TERMINO TEMATICO
Término temático o nombre geográfico como elemento de entrada Comercio de especies
9 (RLIN) 4307
700 ## - ASIENTO SECUNDARIO - NOMBRE PERSONAL
Nombre personal Orjula, María Andrea
9 (RLIN) 14719
942 ## - ELEMENTOS ADICIONALES (KOHA)
Tipo de ítem Tesis
Sistema de clasificación Local
Existencias
Withdrawn status Lost status Sistema de Clasificación Damaged status No para préstamo Colección Ubicación Permanente Ubicación actual Fecha de adquisición Total Checkouts Número topográfico Inventario / Código de Barras Date last seen Ejemplar Price effective from Forma de adquisición Tipo de material Public note
    Local     Tesis Bogotá Bogotá 08/03/2001   TE-0121 002667 04/12/2012 Ej. 1 04/12/2012 Donación Tesis Disponible solo para consulta en sala